ইসলামী রাষ্ট্রে ব্যাক্তি স্বাধীনতা ও মৌলিক অধিকার : (Record no. 77801)
[ view plain ]
| 000 -LEADER | |
|---|---|
| fixed length control field | 01725nam a2200277 a 4500 |
| 001 - CONTROL NUMBER | |
| control field | 77801 |
| 003 - CONTROL NUMBER IDENTIFIER | |
| rucl marc code | BD-RjUL |
| 005 - DATE AND TIME OF LATEST TRANSACTION | |
| control field | 20211209083028.0 |
| 008 - FIXED-LENGTH DATA ELEMENTS--GENERAL INFORMATION | |
| fixed length control field | 210118s2011 bg ||||| m||| 00| 0 eng d |
| 035 ## - SYSTEM CONTROL NUMBER | |
| System control number | (BD-RjUL)78027 |
| 040 ## - CATALOGING SOURCE | |
| Original cataloging agency | BD-RjUL |
| Language of cataloging | ben /eng |
| Transcribing agency | BD-RjUL |
| Modifying agency | BD-RjUL |
| 041 ## - LANGUAGE CODE | |
| Language code of text/sound track or separate title | ben |
| 082 ## - DEWEY DECIMAL CLASSIFICATION NUMBER | |
| Classification number | 297.272 |
| Author mark and year | OBI 2011 |
| Edition number | 23 |
| 100 ## - MAIN ENTRY--PERSONAL NAME | |
| Personal name | ওবায়েদ, মুহাম্মদ ওবায়েদুর রহমান |
| 9 (RLIN) | 167380 |
| 245 10 - TITLE STATEMENT | |
| Title | ইসলামী রাষ্ট্রে ব্যাক্তি স্বাধীনতা ও মৌলিক অধিকার : |
| Remainder of title | একটি পর্যালোচনা / |
| Statement of responsibility, etc. | মুহাম্মদ ওবায়েদুর রহমান ওবায়েদ ; |
| Linkage | তত্ত্বাবধায়ক : মোহাম্মদ বেলাল হোসেন |
| 260 ## - PUBLICATION, DISTRIBUTION, ETC. (IMPRINT) | |
| Place of publication, distribution, etc. | রাজশাহী : |
| Name of publisher, distributor, etc. | ইসলামিক স্টাডিজ বিভাগ, রাজশাহী বিশ্ববিদ্যালয়, |
| Date of publication, distribution, etc. | ২০১১ |
| 300 ## - PHYSICAL DESCRIPTION | |
| Pagination | ix, ১৯০ পাতা ; |
| Size | ২৯ সেমি. |
| 502 ## - DISSERTATION NOTE | |
| Dissertation note | থিসিস (পিএইচ. ডি.) -- ইসলামিক স্টাডিজ বিভাগ, রাজশাহী বিশ্ববিদ্যালয়, ২০১১ |
| 504 ## - BIBLIOGRAPHY, ETC. NOTE | |
| Bibliography, etc | গ্রন্থপঞ্জি : পাতা ১৮২-১৯০ |
| 650 ## - SUBJECT ADDED ENTRY--TOPICAL TERM | |
| Topical term or geographic name as entry element | ইসলাম ও রাষ্ট্র |
| 9 (RLIN) | 243854 |
| Topical term or geographic name as entry element | Islam and state |
| 9 (RLIN) | 243855 |
| Topical term or geographic name as entry element | ইসলাম ও রাষ্ট্র |
| 9 (RLIN) | 243854 |
| Topical term or geographic name as entry element | Islam and state |
| 9 (RLIN) | 243855 |
| 700 ## - ADDED ENTRY--PERSONAL NAME | |
| Personal name | হোসেন, মোহাম্মদ বেলাল, তত্ত্বাবধায়ক |
| 942 ## - ADDED ENTRY ELEMENTS (KOHA) | |
| Source of classification or shelving scheme | Dewey Decimal Classification |
| Koha item type | Theses |
| Lost status | Source of classification or shelving scheme | Damaged status | Not for loan | Collection code | Permanent Location | Current Location | Shelving location | Date acquired | Source of acquisition | Total Checkouts | Full call number | Date last seen | Copy number | Koha item type |
|---|---|---|---|---|---|---|---|---|---|---|---|---|---|---|
| Dewey Decimal Classification | Not For Loan | Theses | Central Library, University of Rajshahi | Central Library, University of Rajshahi | Documentation Section | 12/11/2012 | Controller of Exam., R.U. | BTHE 297.272 OBI 2011 | 18/01/2021 | C-1 | Theses |